Les pouvoirs propres au président de la République Française - Statistiques

Statistiques générales
  • Ce quiz a été pris 11 fois
  • Le résultat moyen est 2 sur 9
Statistiques - réponses
Pouvoirs propres du président de la République % Correct
Dissolution de l'Assemblée Nationale
100%
Nomination du Premier Ministre
50%
Referendum législatif
38%
droit de message au parlement
13%
pouvoirs de crise
13%
Feu nucléaire
0%
Nomination d'un membre du Conseil Constitutionnel tous les 3 ans
0%
saisine du Conseil Constitutionnel pour le contrôle constitutionnel d'une loi
0%
saisine du Conseil Constitutionnel pour vérifier s'il n'existe pas de contrariété entre un traité signé et la Constitution
0%
Aucun quiz correspondant
Distribution des résultats
% des personnes avec chaque résultat
Percentile par nombre de réponses
Votre historique - résultats
Vous n’avez pas pris ce quiz